| 000 | 01117nam a2200253 i 4500 | ||
|---|---|---|---|
| 001 | 42344 | ||
| 003 | ES-MaACL | ||
| 005 | 20230906160608.0 | ||
| 007 | t| | ||
| 008 | 030313s1962 sp f |||| |dspa d | ||
| 080 | _a929:61 Marañón, Gregorio | ||
| 100 | 1 |
_aCastillo de Lucas, Antonio. _936735 |
|
| 245 | 1 | 0 |
_aGlosa refraneada de la vida y la obra de Marañón : _bpublicación-homenaje / _cAntonio Castillo de Lucas ; prólogo de Tomás Cerviá. |
| 260 |
_aTenerife : _bInstituto de Fisiología y Patología Regional, _c1962. |
||
| 300 |
_a72 p., 6 lám. ; _c21 cm. |
||
| 490 | 1 |
_aPublicaciones del Instituto de Fisiología y Patología de Tenerife ; _v36 |
|
| 600 | 1 | 4 |
_aMarañón, Gregorio, _d1887-1960- _xBiografías _976312 |
| 600 | 1 | 4 |
_aMarañón, Gregorio, _d1887-1960- _xCrítica e interpretación _9174358 |
| 700 | 1 |
_aCerviá, Tomás ( _d1902-1962) _937660 |
|
| 710 | 2 |
_aInstituto de Fisiología y Patología Regionales de Tenerife. _94737 |
|
| 830 | 1 |
_aPublicaciones del Instituto de Fisiología y Patología de Tenerife ; _v36 _9226724 |
|
| 852 | 4 |
_aES-MaACL _jC-21560 |
|
| 999 |
_c42344 _d42344 |
||